Capitales d'Océanie (AVEC CARTE) - Quiz - Statistiques

Statistiques générales
  • Ce quiz a été pris 3 455 fois
    564 depuis la dernière actualisation
  • Le résultat moyen est 7 sur 14
Réponses sur la Carte
Les réponses sont colorées sur une échelle allant du rouge au vert en fonction du pourcentage des utilisateurs qui les ont devinées à leur premier essai. Vous pouvez retrouver ces pourcentages ci-dessous.
 
Statistiques - réponses
Pays Capitales % Correct
Australie Canberra
98%
Nouvelle-Zélande Wellington
83%
Papouasie-Nouvelle- Guinée Port Moresby
60%
Tuvalu Funafuti
53%
Vanuatu Port-Vila
53%
Fidji Suva
52%
Samoa Apia
50%
Palaos Melekeok / Ngerulmud
50%
Micronésie Palikir
49%
Nauru Yaren
48%
Tonga Nukualofa
44%
Salomon Honiara
42%
Kiribati Tarawa
40%
Îles Marshall Delap-Uliga-Darrit
5%
Aucun quiz correspondant
Distribution des résultats
% des personnes avec chaque résultat
Percentile par nombre de réponses
Votre historique - résultats
Vous n’avez pas pris ce quiz depuis la dernière actualisation